000 00539pam a2200181 i 4500
020 _a0070175934
082 0 0 _a624.177
_bDON
_cD.
100 1 _aDonnell, Lloyd Hamilton,
_942943
245 1 0 _aBeams, plates and shells /
_cLloyd Hamilton Donnell.
260 _aNew York :
_bMcGraw-Hill,
_cc1976.
300 _axii, 453 p. :
_bill. ;
_c25 cm.
526 _a0
_b0
_c0
_d624_177000000000000_DON
650 0 _aGirders.
_925190
650 0 _aMCE
_9379
650 0 _aPlates (Engineering)
650 0 _aShells (Engineering)
_942944
942 _2ddc
_cBK
999 _c546747
_d546747